Statistics for Top 5 cities by Population - North America #4

Click here to take the quiz!

General Stats

  • This quiz has been taken 15 times
  • The average score is 5 of 15

Answer Stats

HintAnswer% Correct
CubaHavana
100%
JamaicaKingston
100%
PanamaPanama city
100%
CubaGuantanamo
40%
JamaicaMontego Bay
40%
CubaSantiago de Cuba
40%
JamaicaNew Kingston
20%
JamaicaPortmore
20%
PanamaArraijan
0%
CubaCamaguey
0%
PanamaDavid
0%
CubaHolguin
0%
PanamaJuan Diaz
0%
PanamaSan Miguelito
0%
JamaicaSpanish Town
0%

Score Distribution

Percentile by Number Answered

Percent of People with Each Score

Your Score History

You have not taken this quiz